000 02438cam a22005174i 4500
003 PE-LiUPU
005 20250731173014.0
008 150623s1992 aru a rb 000 0 eng d
020 _a0962534382
035 _a(Sirsi) i9780962534386
040 _aPE-LiUPU
_bspa
_cPE-LiUPU
_erda
049 _aPRUA
082 0 4 _a291.22
_bT79
_221
100 1 _aTreiyer, Alberto R.,
_eautor.
245 1 4 _aThe day of atonement and the heavenly judgment: from the pentateuch to Revelation /
_cAlberto R. Treiyer.
264 1 _aSiloam Springs, Arkansa :
_bCreation Enterprises International,
_c1992.
300 _a719 páginas :
_bilustraciones ;
_c24 centímetros
336 _atext
_2rdacontent
337 _aunmediated
_2rdamedia
338 _avolume
_2rdacarrier
504 _aIncluye bibliografía.
505 0 _aThe day of atonement and the texts of the Pentateuch -- Historico-literay criticism and the historical problem -- The day of atonement as related to the contamination and purification of the sanctuary -- Azazel -- Earthly and heavenly heavenly correspondences of the sanctuary and the day of atonement -- The sanctuary and the heavenly judment in revelation.
526 _aSEG42
526 _aSEG41
526 _aSEG40
526 _aSEG39
526 _aP94
526 _aP87
526 _aP86
526 _aP85
526 _aP77
526 _aP76
526 _aP35
541 _g001-0000554;
650 0 4 _aAdventistas del Séptimo Día
_xDoctrinas.
650 0 4 _aExpiación.
_94410
650 0 4 _aSantuario de la doctrina (Adventistas del Séptimo Día).
942 _2ddc
_cBOOK
949 _a291.22 T79
_wDEWEY
_c1
_i64061
_lCCODEBUL1
_mBUL
_p24.00
_r0
_sY
_tBOOK
_u2015-6-24
_xTEOLOGIA
_PP35
_0COMPRA
_o.STAFF. Colección General
949 _a291.22 T79
_wDEWEY
_c2
_i47235
_lCCODEBUL1
_mBUL
_r0
_sY
_tBOOK
_u2015-6-24
_xTEOLOGIA
_PP35
_0COMPRA
_o.STAFF. Colección General
994 _aC0
_bPEPRU
596 _a1
999 _a291.22 T79
_wDEWEY
_c23786
_i64061
_e2017-1-20
_f2021-11-11
_g5
_lCCODEBUL1
_mBUL
_n1
_p24.00
_r0
_sY
_tBOOK
_u2015-6-24
_xTEOLOGIA
_PP35
_0COMPRA
_o.STAFF. Colección Teología
_d23786
999 _a291.22 T79
_wDEWEY
_c2
_i47235
_f2021-11-11
_g5
_lCCODEBUL1
_mBUL
_p24.00
_r0
_sY
_tBOOK
_u2015-6-24
_xTEOLOGIA
_PP35
_0COMPRA
_o.STAFF. Colección Teología
980 _81
_gALBERTO SANCHEZ Responsable de Automatización